000 00318nam a22001217a 4500
082 _a220 PRO
100 _aUMAR,UMAIR,MOHSIN,MARYAM,
_972440
245 _aPR-SOF-1177-SEGWAY ELECTRIC VEHICLE
260 _aISLAMABAD
_bNUST COLLEGE OF EME
_c2012
650 _a DE-MTS-30
700 _aDR UMER IZHAR
_929344
942 _cCR
999 _c578469
_d578469